| 000 | 00502 a2200181 4500 | ||
|---|---|---|---|
| 003 | OSt | ||
| 005 | 20230923154213.0 | ||
| 008 | 230923b |||||||| |||| 00| 0 eng d | ||
| 020 | _a9789353163303 | ||
| 040 | _coclc | ||
| 082 |
_a005.8 _bKAH/C |
||
| 100 | 1 |
_aKahate, Atul _99587 |
|
| 245 |
_aCryptography and network security / _cAtul Kahate |
||
| 250 | _a4th ed. | ||
| 260 |
_aIndia: _bMcgraw hiil, _c2022. |
||
| 300 | _a456 p | ||
| 942 |
_2ddc _cBK _h005.8 _iKAH/C _k005.8 _mKAH/C |
||
| 999 |
_c42311 _d42311 |
||